Standardized cotton tare in Egypt.

Bibliographic Details
Corporate Author: United States. Department of Agriculture. Office of the Secretary
Format: Government Document eBook
Language:English
Published: Washington : [publisher not identified], 1928.
Series:Agric. Dept. New Series Circ. No. 47
Subjects:
Online Access:Connect to the full text of this electronic document

MARC

Tag First Indicator Second Indicator Subfields
LEADER 00000cam a22000001a 4500
001 in00003786713
005 20190408184326.0
006 m o d f
007 cr bn mmmapmmp
008 040322s1928 dcu o f000 0 eng d
035 |a ebd1910505216 
040 |a UMI  |c UMI  |d UtOrBLW 
086 0 |a A 1.4/2:47 
099 |a A1.4-184.47 
245 0 0 |a Standardized cotton tare in Egypt. 
264 1 |a Washington :  |b [publisher not identified],  |c 1928. 
300 |a 1 online resource (15 pages) 
336 |a text  |b txt  |2 rdacontent 
337 |a computer  |b c  |2 rdamedia 
338 |a online resource  |b cr  |2 rdacarrier 
490 0 |a Agric. Dept. New Series Circ. No. 47 
500 |a [on cotton baling methods, with data on Egyptian and American bales and covers]. 
500 |a Record is based on bibliographic data in ProQuest U.S. Executive Branch Documents, 1910-1932. Reuse except for individual research requires license from ProQuest, LLC. 
533 |a Electronic reproduction.  |b [Bethesda, Md.] :  |c ProQuest,  |d 2012.  |e digital, PDF file.  |n ProQuest U.S. Executive Branch Documents, 1910-1932.  |n Mode of access: World Wide Web via ProQuest website. 
538 |a System requirements: PDF reader software. 
500 |a Electronic resource. 
650 0 |a Cotton.  |0 http://id.loc.gov/authorities/subjects/sh85033302 
650 0 |a Farm produce  |x Marketing.  |0 http://id.loc.gov/authorities/subjects/sh85047242 
650 0 |a Packaging.  |0 http://id.loc.gov/authorities/subjects/sh85096514 
651 0 |a Egypt.  |0 http://id.loc.gov/authorities/names/n80061791 
655 7 |a Electronic books.  |2 local 
710 1 |a United States.  |b Department of Agriculture.  |b Office of the Secretary. 
776 1 8 |i Microfiche version:  |t Standardized cotton tare in Egypt  |o CIS US Exec MF A1.4-184.47  |w (ProQuest)cis19151723 
856 4 0 |u http://proxy.library.tamu.edu/login?url=http://congressional.proquest.com/congressional/docview/t66.d71.a1.4-184.47  |z Connect to the full text of this electronic document  |t 0 
999 f f |s 1238d883-ab19-339a-ac4a-8c0489fddb15  |i eee5d66e-cfa4-3fc2-85fa-6ee438434223  |t 0 
952 f f |a Texas A&M University  |b College Station  |c Electronic Resources  |d Available Online  |t 0  |h No information provided 
998 f f |t 0  |l Available Online